• 首页
  • 本馆介绍
  • 公告通知
  • 最新文献
  • 馆藏检索
  • 电子资源
  • 读者导购
  • 参考咨询
  • 我的图书馆
  • 登录
  • 详细信息显示
  • 放入我的书架
  • 预约/预借图书
  • 作者相关作品
  • 分类相关作品
  • 丛书相关作品
  • 出版社相关作品

书目信息

  • 表格格式
  • 工作单格式
  • 卡片格式
题名:
家庭海味菜制作
    
 
作者: 郝祖涛 编著
分册:  
出版信息: 济南   山东科学技术出版社  1995
页数: 266页
开本: 19cm
丛书名:
单 册:
中图分类: TS972.1
科图分类: 85.931
主题词: 海产品--菜谱
电子资源:
ISBN: 7-5331-1685-2
000 00725n|m0 2200253 450
001 0102657323
005 20121116170000.0
010    @a7-5331-1685-2@dCNY10.00
011    @a7-5331-1685-2
100    @a20021005d1995 em y0chiy0110 ea
101 0  @achi
102    @aCN@b370000
105    @af z 000yy
135    @adrbn ---auuuu
200 1  @a家庭海味菜制作@9Jia;Jie Ting Hai Wei Cai Zhi Zuo @f郝祖涛编著@b电子资源.图书
210    @a济南@c山东科学技术出版社@d1995
215    @a266页@c彩图@d19cm
325    @a电子复制品
606 0  @a海产品@x菜谱
690    @aTS972.1@v3
692    @a85.931
701  0 @a郝祖涛@f(1963~)@9hao zu tao@4编著
801  0 @aCN@bAZmarc@c20230904
905    @dTS972.1@e312@f1@sTS972.1/312@aBZT
    
    家庭海味菜制作/郝祖涛编著[电子资源.图书].-济南:山东科学技术出版社,1995
    266页:彩图;19cm
    
    
    ISBN 7-5331-1685-2:CNY10.00
    
●
相关链接 在五车中查询图书 在当当中查询图书 在豆瓣中查询图书


正题名:家庭海味菜制作     索取号:TS972.1/312         预约/预借

序号 登录号 条形码 馆藏地/架位号 状态 备注
1 2000108118   2000108118   旧书回溯/ [索取号:TS972.1/312] 在馆    
山东省滨州职业学院图书馆 欢迎您!
大连网信软件有限公司© 版权所有